| 000 | 00797nam a2200229 a 4500 | ||
|---|---|---|---|
| 001 | 000022064 | ||
| 003 | DO-SdBNP | ||
| 005 | 20210628094727.0 | ||
| 008 | 100916s2007 dr ac 000 0 spa d | ||
| 040 |
_aDO-SdBNP _bspa _cBNPHU |
||
| 049 | _aBNPD | ||
| 082 |
_axxx _bJ58p |
||
| 100 | 1 |
_aJesús Reyes, José C. de _945715 |
|
| 245 | 1 | 0 |
_aProtagonistas higüeyanos : recreación de la vida pueblerina entre dos siglos / _cJosé C de Jesús Reyes ; prólogo Bienvenido Álvarez Vega. |
| 260 |
_aSanto Domingo : _bOnapi, _c2007. |
||
| 300 |
_a308 p. : _bil., retr. ; _c23 cm. |
||
| 500 | _aIncluye datos biográficos del autor en la solapa de la contracubierta | ||
| 590 | _aInventariado, 2021 / DG | ||
| 700 | 1 |
_aÁlvarez Vega, Bienvenido, _epról. _927120 |
|
| 910 | _aD/G | ||
| 942 |
_2ddc _cLBS1 |
||
| 999 |
_c21562 _d21562 |
||